000 00799 a2200241 4500
003 CBULib
005 20250128083850.0
008 241031b |||||||| |||| 00| 0 eng d
020 _a9781855663633
040 _bEnglish
_cCBULib
_erda
050 _aBT 83.57 Bra
100 _aBrandbury, Pablo
245 _aLiberationist christianity in Argentina (1930-1983) : faith and revolution
_c/ by Pablo Brandbury
260 _bTamesis,
_c2023
_aWoodbridge :
300 _axi, 255 pages : illustrations
336 _2rdacontent
_aText |
_btxt
337 _2rdamedia
_aUnmediated |
_bn
338 _2rdacarrier
_aVolume
_bnc
500 _aIncludes bibliographical references and index.
650 0 _93896
_aEDUCATION - RESEARCH
650 0 _93897
_aEDUCATION - RESEARCH - PHILOSOPHY
942 _2lcc
_c002
999 _c85753
_d85753